000 01221nam a22002537a 4500
005 20090905141011.0
008 090905t xxu||||| |||| 00| 0 hin d
010 _aB-357209
020 _a9788190274296
_c150.00
035 _aB-357209
037 _bDBAD / PUB
040 _adpl
_bhn
082 _a649.1
100 _aअरविन्द कुमार
245 _aछोटा बच्चा-उत्तम आहर एवं आँखों की देखभालः
_bकारण एवं बचाव /
_cअरविन्द कुमार
246 _bby Arvind Kumar
260 _aदिल्ली
_bलक्ष्य साहित्य
_c2009
270 _aएन-66, गली नं.4, नवीन शाहदरा
_bदिल्ली
_e110032
300 _a48पृ.
_c24सेमी (सजिल्द)
_bसचित्र
650 _aबाल अनुरक्षण
650 _aChild rearing
942 _2ddc
_cCH
_h649.1
_mअरवि
999 _c30057
_d30057